000 01218nab a22001937a 4500
999 _c6092
_d6092
003 OSt
005 20260121211024.0
008 190502c xxu||||| |||| 00| 0 spa d
040 _cPJ
100 _96864
_aErickson, Danielle
245 1 0 _aLeyes de responsabilidad filial :
_bcodificación de un deber especial de cuidado recíproco /
_cDanielle Erickson.
260 _aCiudad Autónoma de Buenos Aires :
_bThomson Reuters La Ley,
_c2024.
300 _ap. 57-68
505 _aSumario: I. Introducción.— II. Personas sobre quienes recae este deber.— III. Instancias en que surge la responsabilidad de cuidado de padres mayores.— IV. Formas en las que se hace cumplir este deber.— V. Posibilidad real de hacer cumplir este deber filial.— VI. Sobre la pregunta de si deberían ser aplicables las leyes de responsabilidad filial una vez que el padre alcance la edad de sesenta y cinco años.— VII. Conclusión.
505 _t¿Te interesa el texto completo? Solicitalo al correo: koha@justierradelfuego.gov.ar
650 0 _9343
_aDERECHO PENAL
773 0 _02729
_93180
_dBuenos Aires : LexisNexis, 2006-
_tRevista de derecho penal y procesal penal. Nº 9 - Septiembre 2024
_z9875920622
942 _2udc
_cANA